Disconnected - 5 Seconds of Summer (All Lyrics) - Statistics

General Stats
  • This quiz has been taken 374 times
  • The average score is 280 of 334
Answer Stats
Disconnected % Correct
I
98%
a
97%
A
97%
so
97%
We
97%
you
97%
You
97%
the
96%
disconnected
95%
get
94%
my
94%
world
94%
sound
93%
are
92%
like
92%
and
91%
And
91%
i'm
91%
make
91%
rain
91%
away
90%
In
90%
in
90%
Of
89%
of
89%
summer
89%
up
88%
don't
87%
put
87%
sounds
87%
when
87%
with
87%
hash
86%
sweet
86%
tag
86%
favourite
85%
place
85%
But
84%
getaway
84%
tangled
84%
you're
84%
You're
84%
alone
83%
calls
83%
caught
83%
escape
83%
phone
83%
web
83%
city
82%
that
82%
we're
82%
favourite
81%
never
81%
sleeps
81%
cell
80%
found
80%
Here
80%
here
80%
too
79%
knows
78%
Yeah
78%
all
77%
bit
77%
lights
77%
Verse 1 Life's
76%
dark
75%
side
75%
system
74%
dial
73%
static
73%
tones
73%
victim
72%
admit
71%
I've
71%
on
69%
blinking
68%
Bridge Turn
68%
moment
67%
screen
66%
out
65%
worldwide
64%
Tune
60%
be
58%
by
58%
star
57%
off
56%
rules
56%
fool
55%
just
55%
playing
55%
falling
54%
around
52%
Verse 2 Hands
52%
me
52%
radio
52%
TV
52%
for
51%
night
50%
late
49%
shows
49%
telephone
49%
waist
49%
sheets
47%
streets
47%
Those
46%
Hang
44%
across
41%
these
39%
counting
36%
glimmer
36%
hills
36%
lighting
36%
cotton
24%
No matching quizzes found
Score Distribution
Percent of People with Each Score
Percentile by Number Answered
Your Score History
You have not taken this quiz